00388nam a2200145Ia 4500008004100000020001500041041001200056100001600068245008400084250000800168260002500176300000800201650001500209700001800224221030s9999 xx 000 0 und d a8120305671 aEnglish aR. R. Still 0aSales Management - Decisions, Strategies & Casescby R. R. Still, E. W. Cundiff a5th bPHIaNew Delhic2003 a638 aManagement aE. W. Cundiff